000 01757nam0a2200349 4500
001 RU\NLR\bibl\1064214
005 20260406151739.0
010 _a5-17-039955-3
_bАСТ (С.: Под Дозоры)
010 _a5-9713-3630-4
_bАСТ Москва
010 _a5-9762-1304-9
_bХранитель
010 _a5-17-039956-1
_bАСТ (С.: БМФ)
010 _a5-9713-3629-0
_bАСТ Москва
010 _a5-9762-1305-7
_92500
_bХранитель
021 _aRU
_b2007-8056
_9428
035 _a(NLR Aleph) 001051470
090 _a881342
_c881342
100 _a20070213d2006 |||y0rusy50 ca
101 1 _arus
_cpol
102 _aRU
105 _ay z |||||
200 1 _aПриключения Ийона Тихого
_e[сборник
_eперевод с польского]
_fСтанислав Лем
210 _aМосква
_cАСТ [и др.]
_d2006
215 _a1021, [2] с.
_d22
327 1 _aСодерж.: Звездные дневники Ийона Тихого; Из воспоминаний Ийона Тихого; Пьесы о профессоре Тарантоге: Путешествие профессора Тарантоги; Черная комната профессора Тарантоги; Странный гость профессора Тарантоги; Приемные часы профессора Тарантоги; Футурологический конгресс; Осмотр на месте; Мир на Земле
686 _aШ6(4П)77-445{Лх1129-62}
700 1 _4070
_8rus
_7ca
_aЛем
_bС.
_f1921-2006
_gСтанислав
_3RU\NLR\auth\775492
_9115456
801 0 _aRU
_bNLR
_c20070403
_gRCR
801 1 _aRU
_bNLR
_c20070403
942 _cBOOK
980 _aNB